00863cam a2200229 a 4500001000200000003000900002005001700011007000200028008003600030040002200066082002200088100004800110245012200158260007000280300002100350490004000371500007100411650003900482650002700521700003400548710005100582 DO-SdBNP20210520100053.0 720516s 2019 dr 000 0 spa  aBPMSUcspadBPMSU 4aRD861.2bU75s2221 aUreña de Henríquez, Saloméd1850-189710aSiempre mis aguas tendrán rumores :bpoesías /cSalomé Ureña de Henríquez ; prólogo de Consuelo Triviño aSanto Domingo: bMinisterio de Cultura ;bEditora Nacional,c2019 a253 p. ;c21 cm.0 aBiblioteca Dominicana Básica v20 3Incluye datos biográficos del autor en la solapa de la cubierta  4aPoesía dominicana vColecciones  4aLiteratura dominicana 1 aTriviño, Consueloepról. 1 aMinisterio de Cultura (República Dominicana)